[Event "Dhaka Walton op"]
[Site "Dhaka"]
[Date "2018.05.29"]
[Round "4"]
[White "Ahammed, Nure Alam"]
[Black "Uddin, Saif"]
[Result "1/2-1/2"]
[WhiteElo "1708"]
[BlackElo "2070"]
[PlyCount "88"]
[EventDate "2018.05.26"]
[EventType "swiss"]
[EventRounds "9"]
[EventCountry "BAN"]
[SourceTitle "CBM 184 Extra"]
[Source "ChessBase"]
[SourceDate "2018.06.28"]
[SourceVersion "1"]
[SourceVersionDate "2018.06.28"]
[SourceQuality "1"]

1. d4 Nf6 2. c4 e6 3. Nf3 Bb4+ 4. Bd2 Qe7 5. g3 0-0 6. Bg2 d5 7. 0-0 Nbd7 8. cxd5 exd5 9. Nc3 c6 10. Re1 Re8 11. e3 h6 12. a3 Bd6 13. Nh4 Nb6 14. e4 dxe4 15. Nxe4 Nxe4 16. Bxe4 Bg4 17. Bf3 Be6 18. Rc1 Qf6 19. Ba5 Nd5 20. Ng2 Re7 21. Ne3 Rae8 22. Nxd5 Bxd5 23. Rxe7 Bxe7 24. Bxd5 cxd5 25. Rc7 Bd8 26. Rc8 b6 27. Bc3 Qe6 28. Qa4 f5 29. Qc6 Kf7 30. Qxe6+ Kxe6 31. Ra8 a5 32. f4 Kd7 33. Ra7+ Bc7 34. b4 axb4 35. Bxb4 g5 36. fxg5 hxg5 37. Bd2 f4 38. gxf4 g4 39. Kf2 Kc6 40. Ra4 Re4 41. Kg3 Re2 42. Bb4 Re4 43. Bd2 Re2 44. Bb4 Re4 1/2-1/2

[Event "Dhaka op"]
[Site "Dhaka"]
[Date "2016.06.24"]
[Round "1"]
[White "Rahman, Ziaur"]
[Black "Ahammed, Nure Alam"]
[Result "1-0"]
[WhiteElo "2521"]
[BlackElo "1773"]
[PlyCount "51"]
[EventDate "2016.06.24"]
[EventType "swiss"]
[EventRounds "9"]
[EventCountry "BAN"]
[SourceTitle "EXT 2017"]
[Source "ChessBase"]
[SourceDate "2016.10.25"]
[SourceVersion "1"]
[SourceVersionDate "2016.10.25"]
[SourceQuality "1"]

1. d4 Nf6 2. Bg5 Ne4 3. Bf4 d5 4. e3 Bf5 5. f3 Nf6 6. c4 e6 7. Qb3 Qc8 8. Nc3 c6 9. Rc1 Qd7 10. g4 Bg6 11. h4 h6 12. cxd5 Nxd5 13. Nxd5 exd5 14. Bh3 Qe7 15. a3 Na6 16. Ne2 Qxh4+ 17. Kd2 Qe7 18. Nc3 Bh7 19. g5 hxg5 20. Nxd5 cxd5 21. Qb5+ Kd8 22. Qxd5+ Ke8 23. Bf1 Qe6 24. Bb5+ Ke7 25. Bxg5+ f6 26. Qxb7+ 1-0